000
00279nam a22001337a 4500
008
170912b xxu||||| |||| 00| 0 eng d
020
_a
9780072359251
041
_a
eng
080
_2
3RD
_a
53
100
_a
43
101
_a
FIZ
245
_a
PHYSICS
_c
JONES,.E
942
_2
udc
_c
BK
999
_c
27342
_d
27342